Normal view
MARC view
- EDITED BY: HOWES, MARJORIE , JOHN KELLY
Entry Personal Name
001 - CONTROL NUMBER
- control field: 2807
003 - CONTROL NUMBER IDENTIFIER
- control field: JO-AjAnu
005 - DATE AND TIME OF LATEST TRANSACTION
- control field: 20230606070749.0
008 - FIXED-LENGTH DATA ELEMENTS
- fixed length control field: 230606|| aca||aabn | a|a d
040 ## - CATALOGING SOURCE
- Original cataloging agency: JO-AjAnu
- Transcribing agency: JO-AjAnu
100 ## - HEADING--PERSONAL NAME
- Personal name: EDITED BY: HOWES, MARJORIE , JOHN KELLY
670 ## - SOURCE DATA FOUND
- Source citation: Work cat.: (JO-AjAnu)1471: EDITED BY: HOWES, MARJORIE , JOHN KELLY, author, THE CAMBRIDGE COMPANION TO W.B.YEATS